Central Library, Doon University
WEBOPAC (ONLINE PUBLIC ACCESS CATALOGUE)

Molecular and Cell Biology (Record no. 60716)

MARC details
000 -LEADER
fixed length control field 00560nam a22002057a 4500
005 - DATE & TIME
control field 20260423161217.0
008 - FIXED-LENGTH DATA ELEMENTS--GENERAL INFORMATION
fixed length control field 260423b |||||||| |||| 00| 0 eng d
020 ## - ISBN
International Standard Book Number 9789389538731
Price 725.00
040 ## - CATALOGING SOURCE
Original cataloging agency Doon University
041 ## - Language
Language English
082 ## - DDC NUMBER
Classification number 571.6
Book Number STA
100 ## - MAIN ENTRY--PERSONAL NAME
Personal name Stansfield, William D.
245 ## - TITLE STATEMENT
Title Molecular and Cell Biology
260 ## - PUBLICATION, DISTRIBUTION, ETC. (IMPRINT)
Place of publication, distribution, etc Chennai
Name of publisher, distributor, etc McGraw Hill Education
Date of publication, distribution, etc 2020
300 ## - PHYSICAL DESCRIPTION
Pages 384
650 ## - Subject
Subject Environment Science (PM USHA)
700 ## - Added Entry Personal Name
Added Entry Personal Name Colome, Jaime S.
700 ## - Added Entry Personal Name
Added Entry Personal Name Cano, Raul J.
942 ## - ADDED ENTRY ELEMENTS (KOHA)
Koha item type Books
100 ## - MAIN ENTRY--PERSONAL NAME
-- 26727
650 ## - Subject
-- 26725
700 ## - Added Entry Personal Name
-- 26728
700 ## - Added Entry Personal Name
-- 26729
952 ## - LOCATION AND ITEM INFORMATION (KOHA)
-- 2026-04-23
952 ## - LOCATION AND ITEM INFORMATION (KOHA)
-- 2026-04-23
Holdings
Withdrawn status Lost status Source of classification or shelving scheme Damaged status Not for loan Location (home branch) Sublocation or collection (holding branch) Date acquired Koha issues (times borrowed) Koha full call number Accession No. Koha date last seen Koha item type
          Doon University Doon University 23.04.2026   571.6 STA 32863 23.04.2026 Books
          Doon University Doon University 23.04.2026   571.6 STA 32864 23.04.2026 Books
Contact : +91-135-2533126 (Library),+91-135-2533105 (Admin Office) , Email : doonlibrary@gmail.com

Powered by Koha